00777nam a2200229Ia 450000500170000000800410001702000180005804100080007608200170008410000250010124500440012625000120017026000390018230000090022150000360023065000430026670000430030990600080035294200070036099900170036795201630038420230417144112.0230125s9999 xx 000 0 und d a81-7881-108-1 aeng a658.152bSWA aSwain N, Ed.9116677 aCompany ValuationbA Strategic Approach a1st Ed. c2002bICFAI publicationaHyderabad a198p aTerms of Availability. Price.  aTerms of Availability. Price. 9181073 aSwain N, Ed. & Mishra C S, Ed.9116678 b150 cDB c94360d94360 00104070aHIMRbHIMRd2016-12-15eDonated Book- Outside Donarg300.00o658.152 SWA DB2721pHIMR-DB-2721r2023-01-25 00:00:00v150.00w2023-01-25yDBzDB2721